Kaderníctvo Astéria Vlárska ulica v Brne

Bibliographic Details
Main Authors: Waldhaus, Václav (Author), Rechlík, Karel (Author)
Format: Article
Language:Slovak
Czech
PhysicalDescription:Fotogr. 3, obr. 1
Subjects:

MARC

LEADER 00000nab a2200000 a 4500
001 vtls000543294
003 SK-MaSNL
005 20260304090322.0
008 250425c1994 xo 0 slo
015 |a SNBRB19rr/mm-uuuuu 
035 |a CL0543432 
035 |a urn:nbn:sk:snk-abdp3n 
035 |a (urnnbn)urn:nbn:sk:snk:ar-0022ii 
035 |a (uuid)6e3e024a-7477-41a7-881b-fdcaa704484d 
040 |a SNKBUCL  |b slo  |c SNKBUCL  |e AACR2 
041 0 |a cze 
044 |a xo  |c SK 
080 |a 725.21.011.8(437.1/.2)  |2 1981 
100 1 |a Waldhaus, Václav  |4 aut  |9 1381147 
245 1 0 |a Kaderníctvo Astéria  |b Vlárska ulica v Brne  |c Václav Waldhaus, Karel Rechlík 
300 |b Fotogr. 3, obr. 1 
650 0 7 |a Kaderníctvo Astéria, Brno  |2 snkbucl  |9 1381148 
650 0 7 |a interiér  |2 snkbucl  |9 268250 
655 7 |a články z novín a časopisov  |2 snkbucl  |9 267496 
700 1 |a Rechlík, Karel  |4 aut  |9 800970 
773 0 |t Projekt  |g Roč. 36, č. 5 (1994), s. 55 
850 |a Slovenská národná knižnica 
852 |a Slovenská národná knižnica 
958 |a article19 
958 |a OND 
958 |a RK 
958 |a CZ 
958 |a EUIPO 
992 |a RBX 
999 |c 2811081  |d 2813011